| 000 | 00000nam 22000008i 4500 |
| 001 | 9.913290 |
| 003 | CaOODSP |
| 005 | 20240115101655 |
| 006 | m o d f |
| 007 | cr cn||||||||| |
| 008 | 220712t20222022onc ob f000 0 fre d |
| 020 | |a9780660445434 |
| 040 | |aCaOODSP|bfre|erda|cCaOODSP |
| 043 | |an-cn--- |
| 086 | 1 |aH21-312/2022F-PDF |
| 245 | 00|aEnquête canadienne sur le cannabis 2022 : |brapport méthodologique / |cpréparé pour Santé Canada. |
| 264 | 1|aOttawa, Ontario : |bSanté Canada = Health Canada, |c2022. |
| 264 | 4|c©2022 |
| 300 | |a1 ressource en ligne (115 pages) + |esommaire exécutif (3 pages) + tableaux détaillés (260 pages non numérotées) |
| 336 | |atexte|btxt|2rdacontent/fre |
| 337 | |ainformatique|bc|2rdamedia/fre |
| 338 | |aressource en ligne|bcr|2rdacarrier/fre |
| 500 | |aPublié aussi en anglais sous le titre : The Canadian cannabis survey 2022: methodological report. |
| 500 | |aLes copies PDF ont été remplacées (2023-01-26) par des versions modifiées à la demande par l'éditeur. |
| 500 | |a« Nom du fournisseur : Advanis Inc. » |
| 500 | |a« Numéro de contrat : HT372-215410/001/CY. » |
| 500 | |a« Numéro d'enregistrement : POR 124-21. » |
| 500 | |a« Juillet 2022. » |
| 504 | |aComprend des références bibliographiques. |
| 650 | 6|aCannabis|zCanada|xOpinion publique. |
| 650 | 6|aMarijuana|zCanada|xOpinion publique. |
| 650 | 6|aMarijuana|xAbus|zCanada|xOpinion publique. |
| 650 | 6|aMarijuana|xEmploi en thérapeutique|zCanada|xOpinion publique. |
| 650 | 6|aOpinion publique|zCanada. |
| 710 | 1 |aCanada. |bSanté Canada, |eorganisme de publication. |
| 710 | 2 |aAdvanis (Firme), |econsultant. |
| 775 | 08|tThe Canadian cannabis survey 2022 : |w(CaOODSP)9.913289 |
| 794 | |tEnquête canadienne sur le cannabis 2023 : |w(CaOODSP)9.930535 |
| 795 | |tEnquête canadienne sur le cannabis 2021 : |w(CaOODSP)9.902098 |
| 856 | 40|qPDF|s1.66 Mo|uhttps://publications.gc.ca/collections/collection_2022/sc-hc/H21-312-2022-fra.pdf|z(rapport méthodologique) |
| 856 | 40|qPDF|s663 Ko|uhttps://publications.gc.ca/collections/collection_2022/sc-hc/H21-312-2022-1-fra.pdf|z(sommaire exécutif) |
| 856 | 40|qPDF|s6.56 Mo|uhttps://publications.gc.ca/collections/collection_2022/sc-hc/H21-312-2022-2-fra.pdf|z(tableaux détaillés) |
| 856 | 4 |qHTML|sS.O.|uhttps://epe.lac-bac.gc.ca/100/200/301/pwgsc-tpsgc/por-ef/health/2022/124-21-f/POR124-21-report-fra.html|z(rapport méthodologique) |
| 856 | 4 |qHTML|sS.O.|uhttps://epe.lac-bac.gc.ca/100/200/301/pwgsc-tpsgc/por-ef/health/2022/124-21-f/sommaire/POR124-21-summary-fr.html|z(sommaire exécutif) |